Normal view MARC view

Entry Personal Name

Number of records used in: 1

001 - CONTROL NUMBER

  • control field: 9199

003 - CONTROL NUMBER IDENTIFIER

  • control field: DLC

005 - DATE AND TIME OF LATEST TRANSACTION

  • control field: 20221101100652.0

008 - FIXED-LENGTH DATA ELEMENTS

  • fixed length control field: 010320n| azannaabn |n aaa c

010 ## - LIBRARY OF CONGRESS CONTROL NUMBER

  • LC control number: nr2001009718

040 ## - CATALOGING SOURCE

  • Original cataloging agency: UPB
  • Language of cataloging: eng
  • Description conventions: rda
  • Transcribing agency: UPB
  • Modifying agency: DLC

046 ## - SPECIAL CODED DATES

  • Birth date: 1946-06-10
  • Source of date scheme: edtf

100 1# - HEADING--PERSONAL NAME

  • Personal name: Bratko, Ivan,
  • Dates associated with a name: 1946-

372 ## - FIELD OF ACTIVITY

  • Field of activity: Computer science
  • Source of term: lcsh

670 ## - SOURCE DATA FOUND

  • Source citation: Prolog programming for artificial intelligence, 2001:
  • Information found: t.p. (Ivan Bratko; Faculty of Computer and Information Science, Ljubljana Univ. and J. Stefan institute) p. 4 of cover (Leads the AI groups at Ljubljana Univ. and Jozef Stefan institute in Slovenia)

670 ## - SOURCE DATA FOUND

  • Source citation: Wikipedia, viewed May 4, 2011
  • Information found: (Dr. Ivan Bratko; b. June 10, 1946; Ljubljana; Slovene computer scientist; Ph. D., 1978, U. Ljubljana; prof., U. of Ljubljana; lists works)

670 ## - SOURCE DATA FOUND

  • Source citation: LC manual catalog, viewed May 4, 2011
  • Information found: (old catalog hdg.: Bratko, Ivan, ml. [i.e. Jr.])

Powered by Koha